000 00614nam a22001937a 4500
005 20151201110151.0
010 _a ENG-114184
020 _a9789351435419
_c395.00
035 _aEN-97716
037 _aDBAD/PUB
082 _a346.5404
100 _aAmar Pal Singh
245 _aProperty laws /
_cby Amar Pal Singh [and] Ashish Kumar Srivastava
260 _aGurgaon
_bLexisNexis
_c2015
270 _a14th Floor, Building No 10, Tower- B, DLF Cyber City , Phase-II,
_bGurgaon
_e122002
300 _axl,514p.
_c24cm(pbk)
700 _aSrivastava, Ashish Kumar
942 _2ddc
_cEN
_mAMA
_h346.5404
999 _c97591
_d97591